Statistics for Word Scramble - Indian Cities

Click here to take the quiz!

General Stats

  • This quiz has been taken 86 times
  • The average score is 8 of 20

Answer Stats

City% Correct
Patna
80%
Jodhpur
75%
Kochi
73%
Kolkata
71%
Agra
67%
Gwalior
67%
Lucknow
67%
Jaipur
63%
Mysore
63%
Meerut
60%
Nashik
60%
Prayagraj
60%
Pune
60%
Chennai
57%
Mumbai
57%
Bangalore
50%
Bhopal
50%
Dhanbad
50%
Ludhiana
50%
Salem
50%
Surat
50%
Varanasi
50%
Vishakhapatnam
50%
Coimbatore
44%
Bhubaneswar
43%
Guwahati
43%
Vijayawada
43%
Ahmedabad
40%
Kanpur
40%
Aurangabad
38%
Madurai
38%
Nagpur
38%
Āsansol
33%
Chandigarh
33%
Hubli
33%
Amritsar
29%
Jamshedpur
29%
Kotā
29%
Bareilly
25%
Hyderabad
25%
Indore
25%
Solapur
25%
Alīgarh
20%
Bhilai
20%
Morādābād
17%
Jabalpur
14%
Rajkot
14%
Tiruchirappalli
14%
Tiruppur
14%
Srinagar
13%
Vadodara
13%
Jalandhar
10%
Delhi
0%
Ranchi
0%

Score Distribution

Percentile by Number Answered

Percent of People with Each Score

Your Score History

You have not taken this quiz